Advanced engineering electromagnetics (Record no. 4423)

000 -LEADER
fixed length control field 00627 a2200229 4500
020 ## - INTERNATIONAL STANDARD BOOK NUMBER
International Standard Book Number 0-471-62194-3
020 ## - INTERNATIONAL STANDARD BOOK NUMBER
International Standard Book Number 0-471-50316-9 (international ed.)
040 ## - CATALOGING SOURCE
Original cataloging agency DLC
Language of cataloging DLC
082 0# - DEWEY DECIMAL CLASSIFICATION NUMBER
Classification number 537
082 0# - DEWEY DECIMAL CLASSIFICATION NUMBER
Classification number 537
082 0# - DEWEY DECIMAL CLASSIFICATION NUMBER
Classification number 537
100 1# - MAIN ENTRY--PERSONAL NAME
Personal name Balanis, Constantine A.
245 10 - TITLE STATEMENT
Title Advanced engineering electromagnetics
Statement of responsibility, etc. Constantine A. Balanis
260 ## - PUBLICATION, DISTRIBUTION, ETC.
Place of publication, distribution, etc. New York :
Name of publisher, distributor, etc. Wiley,
Date of publication, distribution, etc. cop. 1989
300 ## - PHYSICAL DESCRIPTION
Extent xx, 981 s. :
Other physical details ill., diagr., tab.
650 #0 - SUBJECT ADDED ENTRY--TOPICAL TERM
Topical term or geographic name entry element Electromagnetism
650 #0 - SUBJECT ADDED ENTRY--TOPICAL TERM
Topical term or geographic name entry element Elektromagnetism
650 #0 - SUBJECT ADDED ENTRY--TOPICAL TERM
Topical term or geographic name entry element Electromagnetism
650 #0 - SUBJECT ADDED ENTRY--TOPICAL TERM
Topical term or geographic name entry element Elektromagnetism
650 #0 - SUBJECT ADDED ENTRY--TOPICAL TERM
Topical term or geographic name entry element Electromagnetism
942 ## - ADDED ENTRY ELEMENTS (KOHA)
Koha item type Book
Call number prefix 537 BAL
Source of classification or shelving scheme
Holdings
Withdrawn status Lost status Damaged status Not for loan Collection code Permanent Location Current Location Shelving location Date acquired Source of acquisition Cost, normal purchase price Total Checkouts Total Renewals Full call number Barcode Date last seen Date last checked out Price effective from Koha item type
          Central Library (CL) Central Library (CL) General Stacks 11/14/2006 Progressive International Agencies 8882.00 11 2 537 BAL SEECS007777 05/28/2025 05/26/2025 01/05/2017 Book
© 2023 Central Library, National University of Sciences and Technology. All Rights Reserved.